Statistiques concernant Villes d'Alsace-Lorraine

Cliquez ici pour prendre le quiz!

Statistiques générales

  • Ce quiz a été pris 143 fois
  • Le résultat moyen est 8 sur 18

Statistiques - réponses

VillePopulation en 1900% Correct
Strasbourg151 041
100%
Mulhouse89 118
90%
Colmar36 844
88%
Metz58 462
86%
Haguenau17 968
59%
Thionville10 062
54%
Sélestat9 336
50%
Saverne8 498
39%
Forbach8 208
35%
Sarreguemines14 685
35%
Schiltigheim10 745
33%
Sarrebourg9 178
32%
Thann7 618
20%
Guebwiller13 254
15%
Bischheim7 764
14%
Hayange8 510
9%
Sainte-Marie-aux-Mines13 373
5%
Bischwiller7 897
4%

Distribution des résultats

Percentile par nombre de réponses

% des personnes avec chaque résultat

Votre développement - résultats

Vous n’avez pas pris ce quiz